000 00908nam a2200229Ia 4500
999 _c4784
_d4784
003 OSt
005 20200611114205.0
008 191128t2014 eu ad fr 000 0 eng d
020 _a9780470596227
040 _aCO-JMCR
_cCO-JMCR
041 0 _aeng
082 0 4 _a330.01 /
_bJ877i
_223
100 1 _aJust, David R.,
_eautor
_95115
245 1 0 _aIntroduction to behavioral economics :
_bnoneconomic factors that shape economic decisions /
_cDavid R. Just
260 _aNew York :
_bJohn Wiley & Sons,
_c©2014
300 _axvii, 505 páginas :
_bgráficos a blanco y negro ;
_c24 cm.
505 0 _aConsumer purchasing decisions --Information and uncertainty --Time discounting and the long and short run -- Social preferences
650 1 4 _aComportamiento del consumidor
_95116
650 1 4 _aTeoría de la elección racional
_95117
650 1 4 _aEconomía
_xaspectos psicológicos
_95118
942 _2ddc
_cBK